Analýza proexportnej politiky v Česku a na Slovensku

Systém podpory exportu v Českej republike a na Slovensku. Hlavným nástrojom štátnej podpory exportu sú exportné inštitúcie, ktoré označujeme ako inštitucionálna podpora exportu. Príspevok prináša výsledky podpory exportu realizovanej práve prostredníctvom Českej exportnej banky, Exportnej garančnej...

ver descrição completa

Na minha lista:
Detalhes bibliográficos
Autor principal: Časnochová, Katarína
Formato: Capítulo de Livro
Idioma:eslovaco
Assuntos:
Tags: Adicionar Tag
Sem tags, seja o primeiro a adicionar uma tag!

MARC

LEADER 00000nla a2200000 4500
001 0159631
005 20221103134413.6
041 0 |a slo 
044 |a SK 
245 1 0 |a Analýza proexportnej politiky v Česku a na Slovensku  |c Katarína Časnochová 
520 |a Systém podpory exportu v Českej republike a na Slovensku. Hlavným nástrojom štátnej podpory exportu sú exportné inštitúcie, ktoré označujeme ako inštitucionálna podpora exportu. Príspevok prináša výsledky podpory exportu realizovanej práve prostredníctvom Českej exportnej banky, Exportnej garančnej a poisťovacej spoločnosti a Eximbanky, ako najvýznamnejších inštitúcií podieľajúcich sa na podpore slovenských a českých vývozcov. 
610 2 0 |a obchod zahraničný 
610 2 0 |a vývoz 
610 2 0 |a Česko 
610 2 0 |a Slovensko 
610 2 0 |a politika zahraničnoobchodná 
610 2 0 |a podpora vývozu 
610 2 0 |a banky 
100 1 |a Časnochová, Katarína